[Event "Madrid ch Veteranos 2223"]
[Site "Madrid ESP"]
[Date "2023.04.19"]
[Round "3.33"]
[White "Diaz Begonte, Manuel"]
[Black "Lopez Heras, Arturo"]
[Result "1-0"]
[WhiteElo "1536"]
[BlackElo "1708"]
[PlyCount "56"]
[EventDate "2023.04.17"]
[EventType "swiss"]
[EventRounds "9"]
[EventCountry "ESP"]
[SourceTitle "Ajedrez en Madrid"]
[Source "lmi"]
[SourceDate "2023.04.17"]
[SourceVersion "1"]
[SourceVersionDate "2023.05.22"]
[SourceQuality "1"]

1. e4 g6 2. d4 Bg7 3. c3 d6 4. Be2 Nf6 5. e5 dxe5 6. dxe5 Qxd1+ 7. Bxd1 Ng4 8.
f4 Nh6 9. Nf3 Nc6 10. O-O O-O 11. Na3 a6 12. Nc4 Rd8 13. Bc2 Bf5 14. Bxf5 Nxf5
15. g4 Nh6 16. h3 Rd3 17. Ne1 Rxh3 18. Ne3 Nxg4 19. Nxg4 Rg3+ 20. Kh2 Rxg4 21.
Kh3 h5 22. Nd3 Bh6 23. Nf2 Rxf4 24. Bxf4 Bxf4 25. Nd3 Bxe5 26. Nxe5 Nxe5 27.
Rad1 Kf8 28. Rd5 f6 1-0

[Event "Madrid ch Veteranos 2223"]
[Site "Madrid ESP"]
[Date "2023.04.19"]
[Round "3.34"]
[White "Marcos Medina, Alejandro"]
[Black "Martinez Miura, Enrique"]
[Result "0-1"]
[WhiteElo "1692"]
[BlackElo "1519"]
[PlyCount "96"]
[EventDate "2023.04.17"]
[EventType "swiss"]
[EventRounds "9"]
[EventCountry "ESP"]
[SourceTitle "Ajedrez en Madrid"]
[Source "lmi"]
[SourceDate "2023.04.17"]
[SourceVersion "1"]
[SourceVersionDate "2023.05.22"]
[SourceQuality "1"]

1. d4 d5 2. Nf3 Nf6 3. e3 e6 4. Bd3 Be7 5. Nbd2 Nbd7 6. O-O O-O 7. Qe2 b6 8. e4
dxe4 9. Nxe4 Bb7 10. Re1 Nxe4 11. Bxe4 Bxe4 12. Qxe4 Nf6 13. Qe2 h6 14. Bd2 c5
15. dxc5 Bxc5 16. b4 Be7 17. c4 Qc7 18. Ne5 Bd6 19. Bf4 Bxe5 20. Bxe5 Qe7 21.
Rad1 Rfd8 22. a3 Rxd1 23. Rxd1 Rd8 24. h3 Ne8 25. Re1 Qd7 26. Rc1 f6 27. Bc3 e5
28. c5 bxc5 29. bxc5 Kh8 30. Ba5 Rc8 31. Qc4 Nd6 32. Qd5 Qb5 33. Qxd6 Qxa5 34.
c6 Rd8 35. Qe7 Qd2 36. Qc5 Rc8 37. c7 Kh7 38. Rb1 Qd7 39. Rb7 Qd1+ 40. Kh2 Qd2
41. Rxa7 Qf4+ 42. g3 Qf3 43. Ra4 Rxc7 44. Qe3 Qc6 45. Qb3 Qc1 46. Qd3+ g6 47.
Ra8 Qc5 48. Rd8 Qxf2+ 0-1

[Event "Madrid ch Veteranos 2223"]
[Site "Madrid ESP"]
[Date "2023.04.19"]
[Round "3.35"]
[White "Alonso Abad, Enrique"]
[Black "Yela Garcia, Carlos"]
[Result "1-0"]
[WhiteElo "1901"]
[BlackElo "1489"]
[PlyCount "71"]
[EventDate "2023.04.17"]
[EventType "swiss"]
[EventRounds "9"]
[EventCountry "ESP"]
[SourceTitle "Ajedrez en Madrid"]
[Source "lmi"]
[SourceDate "2023.04.17"]
[SourceVersion "1"]
[SourceVersionDate "2023.05.22"]
[SourceQuality "1"]

1. e4 c5 2. Nf3 Nc6 3. Bb5 g6 4. Bxc6 bxc6 5. O-O Bg7 6. d3 e5 7. Be3 d6 8.
Nbd2 Nf6 9. h3 O-O 10. Nc4 Be6 11. Nfd2 Nh5 12. Nf3 Qd7 13. Ng5 Bxc4 14. dxc4
Nf6 15. Qd3 Rac8 16. Rad1 Rfd8 17. f4 exf4 18. Bxf4 Ne8 19. Be3 Nf6 20. e5 dxe5
21. Qxd7 Nxd7 22. Nxf7 Bf6 23. Nxd8 Rc7 24. Ne6 Rb7 25. Rxd7 Rxd7 26. Rxf6 h5
27. Rxg6+ Kf7 28. Rg7+ Kxe6 29. Rxd7 Kxd7 30. Bxc5 a6 31. Kf2 Ke6 32. g4 Kf6
33. gxh5 Kg5 34. Kf3 Kf5 35. h6 e4+ 36. Ke3 1-0

[Event "Madrid ch Veteranos 2223"]
[Site "Madrid ESP"]
[Date "2023.04.19"]
[Round "3.36"]
[White "Tudela Garcia, Antonio"]
[Black "Infante Martin, Alonso"]
[Result "1/2-1/2"]
[WhiteElo "1572"]
[BlackElo "1457"]
[PlyCount "82"]
[EventDate "2023.04.17"]
[EventType "swiss"]
[EventRounds "9"]
[EventCountry "ESP"]
[SourceTitle "Ajedrez en Madrid"]
[Source "lmi"]
[SourceDate "2023.04.17"]
[SourceVersion "1"]
[SourceVersionDate "2023.05.22"]
[SourceQuality "1"]

1. e4 e5 2. Nf3 Nc6 3. Bb5 a6 4. Ba4 Nf6 5. O-O Be7 6. Re1 d6 7. h3 b5 8. Bb3
Na5 9. c3 c5 10. d3 O-O 11. Bc2 Re8 12. Nh2 Bf8 13. f4 g6 14. fxe5 dxe5 15. Bg5
Bg7 16. Rf1 Qd6 17. Qf3 Ra7 18. Bxf6 Bxf6 19. Qxf6 Re6 20. Qh4 Kg7 21. Nd2 f6
22. Rad1 Rf7 23. a3 Nc6 24. Bb3 c4 25. dxc4 Qc5+ 26. Kh1 Na5 27. Ba2 bxc4 28.
b4 cxb3 29. Nxb3 Qxa3 30. Qf2 Nxb3 31. Rb1 Rb7 32. Ng4 a5 33. Nxf6 a4 34. Nd5
Qd6 35. Rbd1 Qd8 36. Nc7 Qe7 37. Nxe6+ Bxe6 38. Qg3 Bc4 39. Rf2 Rb6 40. Qe3 Rc6
41. Qg3 Rd6 1/2-1/2

[Event "Madrid ch Veteranos 2223"]
[Site "Madrid ESP"]
[Date "2023.04.19"]
[Round "3.37"]
[White "Villodre Miranda, Juan Alonso"]
[Black "Rosado Sanchez, Jose Ignacio"]
[Result "1-0"]
[WhiteElo "1537"]
[BlackElo "1377"]
[PlyCount "73"]
[EventDate "2023.04.17"]
[EventType "swiss"]
[EventRounds "9"]
[EventCountry "ESP"]
[SourceTitle "Ajedrez en Madrid"]
[Source "lmi"]
[SourceDate "2023.04.17"]
[SourceVersion "1"]
[SourceVersionDate "2023.05.22"]
[SourceQuality "1"]

1. c4 g6 2. Nc3 c5 3. e4 Nc6 4. g3 Bg7 5. Bg2 Nf6 6. Nge2 O-O 7. O-O Rb8 8. d3
a6 9. a4 d6 10. h3 Bd7 11. Rb1 Ne8 12. b3 Nc7 13. Nd5 Ne6 14. Bb2 Ncd4 15. Nxd4
Nxd4 16. Ne3 b5 17. axb5 axb5 18. Bxd4 Bxd4 19. Nc2 Bg7 20. f4 bxc4 21. bxc4
Ba4 22. Qd2 Rxb1 23. Rxb1 Bxc2 24. Qxc2 Bd4+ 25. Kh2 e6 26. Qa4 f5 27. Rb7 Rf7
28. Rxf7 Kxf7 29. exf5 gxf5 30. Qc6 Ke7 31. Qb7+ Qd7 32. Qa8 Qe8 33. Qb7+ Qd7
34. Qf3 Qe8 35. g4 Qg6 36. Qb7+ Kf6 37. g5+ 1-0

[Event "Madrid ch Veteranos 2223"]
[Site "Madrid ESP"]
[Date "2023.04.19"]
[Round "3.38"]
[White "Jimenez Ascarza, Jose Ignacio"]
[Black "Lopez Manso, Jeronimo"]
[Result "1-0"]
[WhiteElo "1534"]
[BlackElo "1358"]
[PlyCount "72"]
[EventDate "2023.04.17"]
[EventType "swiss"]
[EventRounds "9"]
[EventCountry "ESP"]
[SourceTitle "Ajedrez en Madrid"]
[Source "lmi"]
[SourceDate "2023.04.17"]
[SourceVersion "1"]
[SourceVersionDate "2023.05.22"]
[SourceQuality "1"]

1. e4 Nf6 2. e5 Nd5 3. d4 d6 4. c4 Nb6 5. exd6 cxd6 6. Nc3 Nc6 7. d5 Ne5 8. a4
Nexc4 9. a5 Nxd5 10. Bxc4 Nxc3 11. bxc3 Qc7 12. Qb3 e6 13. Nf3 Bd7 14. Bb5 Be7
15. Bxd7+ Qxd7 16. Qa4 Qxa4 17. Rxa4 Rc8 18. Bd2 d5 19. O-O O-O 20. Rb1 Rc7 21.
g3 Bd6 22. Be3 a6 23. Rb3 Rfc8 24. Kg2 f6 25. Rb6 Be5 26. Nxe5 fxe5 27. Rxe6
Rxc3 28. Rxe5 R3c4 29. Rxc4 dxc4 30. Rc5 Rxc5 31. Bxc5 Kf7 32. Kf3 Ke6 33. Ke4
g6 34. Kd4 h5 35. h4 Kf5 36. Kxc4 Ke4 1-0

[Event "Madrid ch Veteranos 2223"]
[Site "Madrid ESP"]
[Date "2023.04.19"]
[Round "3.39"]
[White "Benito Mellado, Humberto"]
[Black "Becerra Baigorri, Jose"]
[Result "0-1"]
[WhiteElo "1449"]
[BlackElo "1505"]
[PlyCount "66"]
[EventDate "2023.04.17"]
[EventType "swiss"]
[EventRounds "9"]
[EventCountry "ESP"]
[SourceTitle "Ajedrez en Madrid"]
[Source "lmi"]
[SourceDate "2023.04.17"]
[SourceVersion "1"]
[SourceVersionDate "2023.05.22"]
[SourceQuality "1"]

1. d4 d5 2. c4 e6 3. Nc3 Nf6 4. Nf3 Bb4 5. Qc2 Ne4 6. a3 Bxc3+ 7. bxc3 O-O 8.
Bf4 b6 9. e3 Ba6 10. Bd3 f5 11. cxd5 Bxd3 12. Qxd3 exd5 13. c4 c6 14. h4 Nd7
15. Ne5 Nxe5 16. Bxe5 b5 17. c5 Qa5+ 18. Ke2 Rae8 19. Rhc1 Qd8 20. Rh1 Nxc5 21.
Qc3 Nd7 22. Bd6 Rf6 23. Qxc6 Nb8 24. Qxd5+ Kh8 25. Qxb5 Rxd6 26. Qxf5 Rxd4 27.
Qf7 Rd7 28. Qh5 Rd2+ 29. Kf1 Rf8 30. f4 Qd3+ 31. Kg1 Qxe3+ 32. Kh2 Qxf4+ 33.
Kh3 Rd3+ 0-1

[Event "Madrid ch Veteranos 2223"]
[Site "Madrid ESP"]
[Date "2023.04.19"]
[Round "3.40"]
[White "Ramos Antona, Enrique"]
[Black "Gonzalez Hormigos, Carlos Manuel"]
[Result "1-0"]
[WhiteElo "1500"]
[BlackElo "1116"]
[PlyCount "69"]
[EventDate "2023.04.17"]
[EventType "swiss"]
[EventRounds "9"]
[EventCountry "ESP"]
[SourceTitle "Ajedrez en Madrid"]
[Source "lmi"]
[SourceDate "2023.04.17"]
[SourceVersion "1"]
[SourceVersionDate "2023.05.22"]
[SourceQuality "1"]

1. d4 d6 2. c4 Nf6 3. Nc3 g6 4. g3 Bg7 5. Bg2 c6 6. Nf3 O-O 7. O-O h6 8. Qc2
Bf5 9. e4 Bg4 10. h3 Bxf3 11. Bxf3 e5 12. Be3 c5 13. dxe5 dxe5 14. Rad1 Qc8 15.
Nd5 Na6 16. Ne7+ Kh7 17. Nxc8 Raxc8 18. a3 b6 19. Qa4 Nc7 20. Qxa7 Ne6 21. Kg2
Ne8 22. Qxb6 Nf6 23. Qb3 Nd4 24. Bxd4 cxd4 25. Rd3 Rb8 26. Qc2 Nd7 27. b4 Rb7
28. c5 Ra8 29. Rb1 Bf8 30. Qb3 Kg7 31. c6 Nc5 32. cxb7 Nxb7 33. Qd5 Rb8 34. Rc1
f6 35. Rc7+ 1-0

[Event "Madrid ch Veteranos 2223"]
[Site "Madrid ESP"]
[Date "2023.04.19"]
[Round "3.41"]
[White "Calle Trueba, Jose Antonio"]
[Black "Perez Fajardo, Daniel"]
[Result "1-0"]
[WhiteElo "1381"]
[BlackElo "1495"]
[PlyCount "69"]
[EventDate "2023.04.17"]
[EventType "swiss"]
[EventRounds "9"]
[EventCountry "ESP"]
[SourceTitle "Ajedrez en Madrid"]
[Source "lmi"]
[SourceDate "2023.04.17"]
[SourceVersion "1"]
[SourceVersionDate "2023.05.22"]
[SourceQuality "1"]

1. c4 e5 2. g3 Nf6 3. Bg2 Bc5 4. Nc3 c6 5. d3 O-O 6. Nf3 Re8 7. O-O d5 8. cxd5
cxd5 9. Bg5 Nc6 10. Bxf6 gxf6 11. a3 a5 12. Rc1 Bf8 13. Nd2 Ne7 14. Nb5 Nc6 15.
e3 Be6 16. Qh5 Qd7 17. h3 Rac8 18. Nc3 Bf5 19. Nxd5 Bg7 20. Nb6 Qxd3 21. Nxc8
Bxc8 22. Rfd1 Qb5 23. Nc4 Qb3 24. Nd6 Rf8 25. Bd5 Qxb2 26. Bxf7+ Kh8 27. Bg6 h6
28. Nf7+ Rxf7 29. Bxf7 Qb6 30. Ba2 Kh7 31. Bb1+ Kg8 32. Qe8+ Bf8 33. Qxc8 Qb3
34. Qd7 Qb2 35. Qh7# 1-0

[Event "Madrid ch Veteranos 2223"]
[Site "Madrid ESP"]
[Date "2023.04.20"]
[Round "4.1"]
[White "Moreno Ruiz, Javier"]
[Black "Garcia Martin, Esteban"]
[Result "1-0"]
[WhiteElo "2427"]
[BlackElo "1809"]
[PlyCount "61"]
[EventDate "2023.04.17"]
[EventType "swiss"]
[EventRounds "9"]
[EventCountry "ESP"]
[SourceTitle "Ajedrez en Madrid"]
[Source "lmi"]
[SourceDate "2023.04.17"]
[SourceVersion "1"]
[SourceVersionDate "2023.05.22"]
[SourceQuality "1"]

1. e4 c5 2. Nf3 d6 3. d4 cxd4 4. Nxd4 Nf6 5. Nc3 g6 6. Be3 Bg7 7. f3 a6 8. Qd2
Nbd7 9. g4 Ne5 10. O-O-O b5 11. g5 Nh5 12. f4 Nc4 13. Bxc4 bxc4 14. Qe2 Bb7 15.
Qxc4 O-O 16. Rhf1 Rc8 17. Qb3 Rxc3 18. Qxc3 Bxe4 19. Qc4 Qa8 20. Rd2 Rc8 21.
Qe2 e5 22. fxe5 Bxe5 23. Kb1 Qb7 24. Ka1 Ng7 25. c3 Nf5 26. Nxf5 Bxf5 27. Bd4
Bxd4 28. Rxd4 Qb6 29. Qd2 Be6 30. Rxd6 Qa5 31. a3 1-0

[Event "Madrid ch Veteranos 2223"]
[Site "Madrid ESP"]
[Date "2023.04.20"]
[Round "4.2"]
[White "Vazquez Gonzalez, Jesus"]
[Black "Elissalt Cardenas, Hector"]
[Result "0-1"]
[WhiteElo "1908"]
[BlackElo "2320"]
[PlyCount "70"]
[EventDate "2023.04.17"]
[EventType "swiss"]
[EventRounds "9"]
[EventCountry "ESP"]
[SourceTitle "Ajedrez en Madrid"]
[Source "lmi"]
[SourceDate "2023.04.17"]
[SourceVersion "1"]
[SourceVersionDate "2023.05.22"]
[SourceQuality "1"]

1. e4 d6 2. d4 Nf6 3. Nc3 c6 4. a4 e5 5. Nf3 Nbd7 6. Bc4 Be7 7. O-O O-O 8. h3
a5 9. d5 Nb6 10. Bb3 c5 11. Nd2 Ne8 12. Nc4 Nxc4 13. Bxc4 Bg5 14. f4 Bxf4 15.
Bxf4 exf4 16. Rxf4 Qg5 17. Qf3 Bxh3 18. Rf1 Bd7 19. Rxf7 Nf6 20. Rxf8+ Rxf8 21.
Qf4 Qxf4 22. Rxf4 Ng4 23. Rxf8+ Kxf8 24. b3 Ke7 25. Nb5 Bxb5 26. Bxb5 Kf6 27.
Bd3 Ke5 28. Kf1 Nf6 29. Ke2 Nxe4 30. Ke3 Nf6 31. c4 g5 32. Bc2 h5 33. g3 Ng4+
34. Kf3 Kd4 35. Bf5 Ne5+ 0-1

[Event "Madrid ch Veteranos 2223"]
[Site "Madrid ESP"]
[Date "2023.04.20"]
[Round "4.3"]
[White "Viñas Lopez, Carlos"]
[Black "Candela Perez, Jose"]
[Result "0-1"]
[WhiteElo "1853"]
[BlackElo "2299"]
[PlyCount "36"]
[EventDate "2023.04.17"]
[EventType "swiss"]
[EventRounds "9"]
[EventCountry "ESP"]
[SourceTitle "Ajedrez en Madrid"]
[Source "lmi"]
[SourceDate "2023.04.17"]
[SourceVersion "1"]
[SourceVersionDate "2023.05.22"]
[SourceQuality "1"]

1. d4 Nf6 2. Bg5 c5 3. Bxf6 gxf6 4. d5 Qb6 5. Qc1 f5 6. c4 Bg7 7. Nc3 d6 8. e3
Nd7 9. Nf3 Nf6 10. Qc2 Ne4 11. Bd3 Qxb2 12. Bxe4 Qxa1+ 13. Nb1 fxe4 14. Qxe4
Bc3+ 15. Ke2 Qxa2+ 16. Nbd2 Bd7 17. Rb1 b5 18. cxb5 Rb8 0-1

[Event "Madrid ch Veteranos 2223"]
[Site "Madrid ESP"]
[Date "2023.04.20"]
[Round "4.4"]
[White "Lopez Molina, Francisco"]
[Black "Longa Yauca, Javier"]
[Result "0-1"]
[WhiteElo "1905"]
[BlackElo "2219"]
[PlyCount "70"]
[EventDate "2023.04.17"]
[EventType "swiss"]
[EventRounds "9"]
[EventCountry "ESP"]
[SourceTitle "Ajedrez en Madrid"]
[Source "lmi"]
[SourceDate "2023.04.17"]
[SourceVersion "1"]
[SourceVersionDate "2023.05.22"]
[SourceQuality "1"]

1. d4 Nf6 2. c4 e6 3. Nf3 b6 4. Bg5 Bb7 5. e3 h6 6. Bh4 Bb4+ 7. Nc3 g5 8. Bg3
Ne4 9. Rc1 h5 10. Bd3 h4 11. Be5 f6 12. Qc2 Bxc3+ 13. bxc3 d5 14. cxd5 exd5 15.
c4 fxe5 16. cxd5 Qxd5 17. Qxc7 Nd7 18. Bc4 Qa5+ 19. Ke2 Ba6 20. Qc6 Qxa2+ 21.
Kd1 Bxc4 22. Rxc4 Nxf2+ 23. Ke1 Nd3+ 24. Kd1 Ke7 25. Nxe5 N7xe5 26. Qb7+ Nd7
27. Qe4+ N3e5 28. dxe5 Rad8 29. Rc7 Rhf8 30. Qb4+ Ke8 31. Qd6 Qa1+ 32. Ke2 Qb2+
33. Kd1 Qxe5 34. Qg6+ Rf7 35. Ke2 Qxc7 0-1

[Event "Madrid ch Veteranos 2223"]
[Site "Madrid ESP"]
[Date "2023.04.20"]
[Round "4.5"]
[White "Suarez-Llanos Florez, Gonzalo"]
[Black "Lopez de Turiso Sanchez, Jose Antonio"]
[Result "1-0"]
[WhiteElo "2052"]
[BlackElo "1904"]
[PlyCount "63"]
[EventDate "2023.04.17"]
[EventType "swiss"]
[EventRounds "9"]
[EventCountry "ESP"]
[SourceTitle "Ajedrez en Madrid"]
[Source "lmi"]
[SourceDate "2023.04.17"]
[SourceVersion "1"]
[SourceVersionDate "2023.05.22"]
[SourceQuality "1"]

1. Nf3 d5 2. d4 Bg4 3. e3 Nd7 4. Be2 e6 5. Nbd2 c6 6. e4 dxe4 7. Nxe4 Ngf6 8.
Nxf6+ Nxf6 9. O-O Bd6 10. Re1 Qc7 11. h3 Bh5 12. c4 h6 13. d5 cxd5 14. cxd5
Nxd5 15. Qa4+ Kf8 16. Bd2 Bf4 17. Rac1 Qd6 18. Red1 Bxd2 19. Rxd2 Bxf3 20. Bxf3
Kg8 21. Bxd5 exd5 22. Rcd1 Qc6 23. Qb3 Rd8 24. Rxd5 Rxd5 25. Qxd5 Qa6 26. Re1
h5 27. Re8+ Kh7 28. Qxh5+ Qh6 29. Qf5+ Qg6 30. Qxg6+ fxg6 31. Rxh8+ Kxh8 32.
Kh2 1-0

[Event "Madrid ch Veteranos 2223"]
[Site "Madrid ESP"]
[Date "2023.04.20"]
[Round "4.6"]
[White "Barraza Caracuel, Ignacio"]
[Black "Fiz Criado, Fidel"]
[Result "1/2-1/2"]
[WhiteElo "2048"]
[BlackElo "1807"]
[PlyCount "43"]
[EventDate "2023.04.17"]
[EventType "swiss"]
[EventRounds "9"]
[EventCountry "ESP"]
[SourceTitle "Ajedrez en Madrid"]
[Source "lmi"]
[SourceDate "2023.04.17"]
[SourceVersion "1"]
[SourceVersionDate "2023.05.22"]
[SourceQuality "1"]

1. d4 Nf6 2. c4 c5 3. Nf3 cxd4 4. Nxd4 e5 5. Nb5 d5 6. cxd5 Bc5 7. e3 a6 8.
N5c3 O-O 9. Be2 b5 10. a3 Bb7 11. e4 Nbd7 12. O-O Bd4 13. Bg5 Qb6 14. Nd2 h6
15. Bxf6 Nxf6 16. Bd3 Rac8 17. Rc1 Rc7 18. Nb3 Rfc8 19. Nxd4 exd4 20. Ne2 Rxc1
21. Nxc1 Nd7 22. f4 1/2-1/2

[Event "Madrid ch Veteranos 2223"]
[Site "Madrid ESP"]
[Date "2023.04.20"]
[Round "4.7"]
[White "Estrada Martinez, Cesar"]
[Black "Ruiz Bellon, Manuel"]
[Result "0-1"]
[WhiteElo "1903"]
[BlackElo "1968"]
[PlyCount "96"]
[EventDate "2023.04.17"]
[EventType "swiss"]
[EventRounds "9"]
[EventCountry "ESP"]
[SourceTitle "Ajedrez en Madrid"]
[Source "lmi"]
[SourceDate "2023.04.17"]
[SourceVersion "1"]
[SourceVersionDate "2023.05.22"]
[SourceQuality "1"]

1. e4 c6 2. d4 d5 3. Nc3 dxe4 4. Nxe4 Nd7 5. Nf3 Ngf6 6. Bd3 Nxe4 7. Bxe4 Nf6
8. Bd3 Bg4 9. c3 e6 10. Bg5 Be7 11. h3 Bh5 12. O-O O-O 13. Qe2 Re8 14. Rfe1 Qd5
15. g4 Bg6 16. Bxg6 hxg6 17. Ne5 c5 18. dxc5 Bxc5 19. c4 Qd8 20. Rad1 Qc8 21.
Bxf6 gxf6 22. Nf3 Bb4 23. Rf1 Qc7 24. h4 Rad8 25. Qe4 f5 26. gxf5 exf5 27. Rxd8
fxe4 28. Rxe8+ Kg7 29. Rxe4 Qc6 30. Re3 Qd7 31. Ne5 Qd4 32. a3 Bd6 33. Rfe1
Qxh4 34. Re4 Qg5+ 35. Kf1 Qf5 36. b4 Qh3+ 37. Ke2 Qxa3 38. Nd3 Bxb4 39. Nxb4
Qxb4 40. Kd3 Qb3+ 41. Ke2 a5 42. Kf1 Qh3+ 43. Kg1 Qf5 44. Re7 Qg4+ 45. Kh2 b6
46. R1e3 Qf4+ 47. Kg1 a4 48. R7e4 Qg5+ 0-1

[Event "Madrid ch Veteranos 2223"]
[Site "Madrid ESP"]
[Date "2023.04.20"]
[Round "4.8"]
[White "Pastor Alonso De Prado, Alberto"]
[Black "Pareja Vicente, Antonio"]
[Result "1-0"]
[WhiteElo "2071"]
[BlackElo "1783"]
[PlyCount "61"]
[EventDate "2023.04.17"]
[EventType "swiss"]
[EventRounds "9"]
[EventCountry "ESP"]
[SourceTitle "Ajedrez en Madrid"]
[Source "lmi"]
[SourceDate "2023.04.17"]
[SourceVersion "1"]
[SourceVersionDate "2023.05.22"]
[SourceQuality "1"]

1. Nf3 Nf6 2. c4 d6 3. d4 g6 4. g3 Bg7 5. Bg2 O-O 6. O-O Nbd7 7. Nc3 e5 8. e4
Re8 9. Re1 Nf8 10. h3 h6 11. dxe5 dxe5 12. Qxd8 Rxd8 13. Nxe5 Ne6 14. Nf3 Nc5
15. e5 Nh7 16. Bf1 Be6 17. Nb5 Rd7 18. Be3 Bf8 19. Rad1 Rad8 20. Rxd7 Rxd7 21.
Nbd4 a6 22. b4 Na4 23. Nxe6 fxe6 24. c5 Kf7 25. Rc1 c6 26. h4 Bg7 27. Rc2 Rd1
28. Kg2 Nf8 29. Bc4 Rb1 30. Bb3 Nd7 31. Nd2 1-0

[Event "Madrid ch Veteranos 2223"]
[Site "Madrid ESP"]
[Date "2023.04.20"]
[Round "4.9"]
[White "Camacho Casado, Demetrio"]
[Black "Gonzalez Rivera, Eduardo"]
[Result "1/2-1/2"]
[WhiteElo "1862"]
[BlackElo "2026"]
[PlyCount "111"]
[EventDate "2023.04.17"]
[EventType "swiss"]
[EventRounds "9"]
[EventCountry "ESP"]
[SourceTitle "Ajedrez en Madrid"]
[Source "lmi"]
[SourceDate "2023.04.17"]
[SourceVersion "1"]
[SourceVersionDate "2023.05.22"]
[SourceQuality "1"]

1. d4 d5 2. Nc3 Nf6 3. Bf4 Bf5 4. e3 c6 5. f3 e6 6. g4 Bg6 7. h4 h6 8. Bd3 Bxd3
9. Qxd3 Bd6 10. Nge2 Qc7 11. Bxd6 Qxd6 12. O-O-O Nbd7 13. e4 dxe4 14. Nxe4 Nxe4
15. fxe4 O-O-O 16. Kb1 f6 17. Qe3 Nb6 18. Qb3 h5 19. c4 Qe7 20. c5 Nd7 21. Nf4
hxg4 22. Ng6 Qf7 23. Nxh8 Rxh8 24. Qc4 Qe7 25. b4 f5 26. exf5 exf5 27. Rde1 Qd8
28. d5 Qg8 29. Re6 Rh6 30. Rhe1 Rxe6 31. Rxe6 cxd5 32. Qxd5 Qf8 33. Rd6 Qe7 34.
Re6 Qf8 35. a3 Nb8 36. Qe5 Kd7 37. Rd6+ Kc8 38. Re6 Kd7 39. b5 g3 40. Rd6+ Kc8
41. Qxg3 Qe8 42. Qd3 Qe1+ 43. Qd1 Qe4+ 44. Qd3 Qe1+ 45. Qd1 Qe4+ 46. Kb2 Qe5+
47. Qd4 Qe2+ 48. Kc3 Qe1+ 49. Kd3 Qd1+ 50. Ke3 Qe1+ 51. Kf3 Qf1+ 52. Kg3 Qe1+
53. Kf4 Qxh4+ 54. Kxf5 Qh5+ 55. Ke4 Nd7 56. c6 1/2-1/2

[Event "Madrid ch Veteranos 2223"]
[Site "Madrid ESP"]
[Date "2023.04.20"]
[Round "4.10"]
[White "Martin Rodriguez, Emilio"]
[Black "Jimenez Jimenez, Jose Luis"]
[Result "1-0"]
[WhiteElo "1965"]
[BlackElo "1737"]
[PlyCount "61"]
[EventDate "2023.04.17"]
[EventType "swiss"]
[EventRounds "9"]
[EventCountry "ESP"]
[SourceTitle "Ajedrez en Madrid"]
[Source "lmi"]
[SourceDate "2023.04.17"]
[SourceVersion "1"]
[SourceVersionDate "2023.05.22"]
[SourceQuality "1"]

1. d4 Nf6 2. Nf3 e6 3. Bg5 Be7 4. Nbd2 d5 5. e3 Nbd7 6. Bd3 c6 7. c3 h6 8. Bf4
O-O 9. h4 h5 10. Ng5 c5 11. Be2 cxd4 12. exd4 g6 13. g4 hxg4 14. Bxg4 Nxg4 15.
Qxg4 Nf6 16. Qf3 Nh5 17. Rg1 Nxf4 18. Qxf4 Bd6 19. Qf3 e5 20. Qxd5 exd4 21.
Nge4 Kg7 22. Qxd4+ Kh6 23. Qxd6 Bf5 24. Qf4+ Kh7 25. O-O-O Qa5 26. Nf6+ Kg7 27.
Qd4 Kh6 28. Ng4+ Kh5 29. Qf4 Bxg4 30. Rxg4 f6 31. Rdg1 1-0

[Event "Madrid ch Veteranos 2223"]
[Site "Madrid ESP"]
[Date "2023.04.20"]
[Round "4.11"]
[White "Fernandez Aransay, Fernando"]
[Black "Lopez-Andujar Ocaña, Antonio"]
[Result "1/2-1/2"]
[WhiteElo "1808"]
[BlackElo "1961"]
[PlyCount "161"]
[EventDate "2023.04.17"]
[EventType "swiss"]
[EventRounds "9"]
[EventCountry "ESP"]
[SourceTitle "Ajedrez en Madrid"]
[Source "lmi"]
[SourceDate "2023.04.17"]
[SourceVersion "1"]
[SourceVersionDate "2023.05.22"]
[SourceQuality "1"]

1. e4 e5 2. Nf3 Nc6 3. d4 exd4 4. Nxd4 Bc5 5. Nb3 Bb6 6. a4 a6 7. a5 Ba7 8. Nc3
d6 9. g3 Qf6 10. Qe2 Nge7 11. Bg2 O-O 12. O-O Ne5 13. Be3 Bxe3 14. Qxe3 Nc4 15.
Qc1 Be6 16. e5 dxe5 17. Bxb7 Bh3 18. Bg2 Bxg2 19. Kxg2 Rfd8 20. Rd1 Rxd1 21.
Nxd1 e4 22. Qf4 Qc6 23. Ne3 Nxb2 24. Qe5 Nc4 25. Qc5 Nxe3+ 26. fxe3 Re8 27. Rd1
Qf6 28. Rf1 Qd6 29. Rf2 Nd5 30. Re2 h5 31. c4 Nf6 32. Rd2 Qe6 33. Nd4 Qd7 34.
Qg5 Qg4 35. Qxg4 Nxg4 36. Re2 Rb8 37. h3 Ne5 38. Rc2 c5 39. Nf5 Rb4 40. Nd6 Ra4
41. Nb7 Nxc4 42. Kf2 Nxa5 43. Nxc5 Rc4 44. Rxc4 Nxc4 45. Nxa6 g6 46. Nc5 Nd6
47. h4 Kg7 48. Nb3 Kf6 49. Nd4 Ke5 50. Ne2 Kf5 51. Nc3 Ke5 52. Ne2 Kd5 53. Nf4+
Kc4 54. Ne2 Kd3 55. Nc1+ Kc2 56. Ne2 Kd2 57. Nd4 Nf5 58. Nb3+ Kc3 59. Nc5 Nd6
60. Ke2 Kc4 61. Nd7 Kd5 62. Kf2 Kc4 63. Ke2 Kc3 64. Ne5 Nf5 65. Kf2 Kd2 66.
Nc4+ Kd1 67. Nb2+ Kc2 68. Na4 Kd2 69. Nc5 Nd6 70. Nb3+ Kc3 71. Nc5 f5 72. Ne6
Nc4 73. Nf4 Ne5 74. Ke2 Kc2 75. Nd5 Nc4 76. Ne7 Na5 77. Nd5 Kc1 78. Ne7 Kc2 79.
Nd5 Nc6 80. Nf4 Ne5 81. Nd5 1/2-1/2

[Event "Madrid ch Veteranos 2223"]
[Site "Madrid ESP"]
[Date "2023.04.20"]
[Round "4.12"]
[White "Moreno Torrero, Javier"]
[Black "Balsera Gomez, Antonio"]
[Result "1-0"]
[WhiteElo "1891"]
[BlackElo "1718"]
[PlyCount "69"]
[EventDate "2023.04.17"]
[EventType "swiss"]
[EventRounds "9"]
[EventCountry "ESP"]
[SourceTitle "Ajedrez en Madrid"]
[Source "lmi"]
[SourceDate "2023.04.17"]
[SourceVersion "1"]
[SourceVersionDate "2023.05.22"]
[SourceQuality "1"]

1. d4 Nf6 2. c4 e6 3. Nf3 b6 4. a3 Bb7 5. Nc3 Be7 6. e3 O-O 7. Bd3 d5 8. cxd5
exd5 9. O-O Nbd7 10. Qc2 c5 11. Rd1 a6 12. Bf5 Re8 13. Ne5 cxd4 14. exd4 Qc7
15. Bf4 Nxe5 16. Bxe5 Qc6 17. Bxf6 Bxf6 18. Bxh7+ Kf8 19. Bf5 g6 20. Bh3 Bc8
21. Qd3 Kg7 22. Bxc8 Rexc8 23. Qf3 Rd8 24. Rac1 Bg5 25. Rc2 b5 26. Re2 a5 27.
Re5 Bf6 28. Rxd5 b4 29. Rxd8 Qxf3 30. gxf3 Rxd8 31. Nb5 bxa3 32. bxa3 a4 33. d5
Rb8 34. Nd6 Rb3 35. Ne8+ 1-0